[Event "POL-ChT2"]
[Site "Opole POL"]
[Date "2006.09.10"]
[Round "9"]
[White "Kalinin, Oleg"]
[Black "Urban, Klaudiusz"]
[Result "1/2-1/2"]
[WhiteElo "2354"]
[BlackElo "2457"]
[EventDate "2006.09.02"]
[PlyCount "44"]

1.Nf3 Nf6 2.c4 d6 3.g3 e5 4.Nc3 Be7 5.Bg2 O-O 6.O-O Nbd7 7.d4 c6 8.Qc2 Qc7
9.e3 Re8 10.a4 a5 11.b3 Bf8 12.Ba3 exd4 13.exd4 Nb6 14.h3 d5 15.Bxf8 Rxf8 
16.c5 Nbd7 17.Rfe1 b6 18.cxb6 Qxb6 19.Rab1 Ba6 20.Kh2 Rac8 21.Qd2 Rfe8 22.
Ne5 Nxe5 1/2-1/2

[Event "POL-ChT2"]
[Site "Opole POL"]
[Date "2006.09.10"]
[Round "9"]
[White "Szelag, Marcin"]
[Black "Antoniewski, Rafal"]
[Result "1-0"]
[WhiteElo "2470"]
[BlackElo "2509"]
[EventDate "2006.09.02"]
[PlyCount "149"]

1.e4 e5 2.Nf3 Nc6 3.Bb5 a6 4.Ba4 Nf6 5.O-O Nxe4 6.d4 b5 7.Bb3 d5 8.dxe5 
Be6 9.Nbd2 Nc5 10.c3 Bg4 11.Bc2 Be7 12.Re1 Qd7 13.Nf1 Rd8 14.Ne3 Bh5 15.
Nf5 Ne6 16.a4 O-O 17.axb5 axb5 18.Qd3 Bg6 19.Qxb5 Bxf5 20.Bxf5 Nxe5 21.
Qxd7 Nxd7 22.Bxe6 fxe6 23.Rxe6 Bd6 24.Re1 Nc5 25.Be3 Nd3 26.Re2 Rfe8 27.
Rd1 Ne5 28.Nxe5 Rxe5 29.Red2 g5 30.g3 Bf8 31.Ra1 h6 32.Kg2 Kf7 33.Ra7 Bd6 
34.Ra5 Ke6 35.Bd4 Re1 36.Be3 Be7 37.h3 Rd7 38.Ra8 Rd8 39.Ra5 Rd7 40.Kf3 
Rh1 41.Re2 Kf7 42.Kg2 Rb1 43.Bd4 Rd1 44.Re5 c6 45.Ra6 Rc7 46.g4 Rd2 47.b4 
Rd3 48.Ra8 Bxb4 49.Rh8 Ba5 50.Rxh6 c5 51.Rf5+ Ke7 52.Re5+ Kf7 53.Rh7+ Kg6 
54.Rxc7 Bxc7 55.Re6+ Kf7 56.Rc6 cxd4 57.Rxc7+ Kf6 58.cxd4 Rxd4 59.Kg3 Rd1 
60.Rc6+ Kg7 61.Rd6 Kh7 62.Rd7+ Kg6 63.Rd6+ Kh7 64.Rf6 Kg7 65.Rf5 Kg6 66.h4
Rg1+ 67.Kf3 gxh4 68.Rxd5 h3 69.Rh5 Rh1 70.Kg3 Rg1+ 71.Kxh3 Rh1+ 72.Kg3 
Rxh5 73.gxh5+ Kg5 74.h6 Kxh6 75.Kf4 1-0

[Event "POL-ChT2"]
[Site "Opole POL"]
[Date "2006.09.10"]
[Round "9"]
[White "Majdan, Joanna"]
[Black "Sikorska, Agata"]
[Result "1-0"]
[WhiteElo "2314"]
[BlackElo "2101"]
[EventDate "2006.09.02"]
[PlyCount "92"]

1.d4 d5 2.Nf3 c6 3.Nbd2 Nf6 4.g3 g6 5.Bg2 Bg7 6.b3 Nbd7 7.Bb2 O-O 8.O-O a5
9.a4 c5 10.e3 b6 11.c4 Ba6 12.Re1 e6 13.Rc1 Rc8 14.Ne5 Nxe5 15.dxe5 Nd7 
16.f4 Nb8 17.cxd5 exd5 18.Nb1 Qe7 19.Nc3 Rfd8 20.Nxd5 Qe6 21.Qf3 h5 22.e4 
Bb7 23.Rf1 Na6 24.Qe2 Nc7 25.f5 Qe8 26.fxg6 fxg6 27.Nf6+ Bxf6 28.exf6 Qf7 
29.Qe3 Re8 30.Rfd1 Nd5 31.Qf2 Nb4 32.e5 Bxg2 33.Kxg2 Rcd8 34.Qf3 Kh7 35.
Rxd8 Rxd8 36.Rd1 Rxd1 37.Qxd1 Nd5 38.Qf3 Kg8 39.Qe4 Nc7 40.Qc6 Qxb3 41.
Qxc7 Qc2+ 42.Kf3 Qd3+ 43.Kf4 Qd2+ 44.Ke4 Qg2+ 45.Ke3 Qg1+ 46.Ke4 Qf2 1-0

[Event "POL-ChT2"]
[Site "Opole POL"]
[Date "2006.09.10"]
[Round "9"]
[White "Plonczak, Dominik"]
[Black "Fraczek, Daniel"]
[Result "0-1"]
[WhiteElo "2096"]
[BlackElo "2297"]
[EventDate "2006.09.02"]
[PlyCount "128"]

1.e4 c5 2.Nf3 d6 3.d4 cxd4 4.Nxd4 Nf6 5.Nc3 a6 6.Be2 e6 7.O-O b5 8.Bf3 Ra7
9.a4 b4 10.Na2 e5 11.Ne2 Nc6 12.c4 Be6 13.b3 Be7 14.h3 O-O 15.Be3 Rb7 16.
g4 Nd7 17.Ng3 Nc5 18.Nc1 g6 19.Ra2 Qc8 20.Kh2 Rd8 21.Rg1 Kh8 22.Rd2 f6 23.
Qf1 Rg8 24.Bd1 Rd7 25.Bc2 Bd8 26.Qd1 Bb6 27.Qf3 Qd8 28.Rgd1 Qe7 29.Nd3 
Rgd8 30.Ne1 Ba7 31.h4 Rf8 32.Ng2 Bg8 33.Ne2 Be6 34.Ng3 Rdd8 35.Qe2 Qd7 36.
f3 Qe7 37.Qf2 Bc8 38.Ne2 a5 39.Rf1 f5 40.gxf5 gxf5 41.exf5 Bxf5 42.Bg5 Qg7
43.Bxd8 Nxb3 44.Qxa7 Qxa7 45.Bxb3 Rxd8 46.f4 Qg7 47.Ne3 Qf6 48.Nxf5 Qxf5 
49.Ng3 Qg4 50.fxe5 Qxh4+ 51.Kg2 Rg8 52.Rf3 Nxe5 53.Re3 Qf4 54.Rde2 Rg5 55.
Bc2 h5 56.Kh3 h4 57.Ne4 Qg4+ 58.Kh2 Nf3+ 59.Rxf3 Qxf3 60.Rf2 Qg3+ 61.Nxg3 
hxg3+ 62.Kg2 gxf2+ 63.Kxf2 Re5 64.Bb3 Kg7 0-1

[Event "POL-ChT2"]
[Site "Opole POL"]
[Date "2006.09.10"]
[Round "9"]
[White "Sendera, Jaroslaw"]
[Black "Bernard, Ryszard"]
[Result "0-1"]
[WhiteElo "2334"]
[BlackElo "2356"]
[EventDate "2006.09.02"]
[PlyCount "100"]

1.e4 c5 2.Nf3 d6 3.c3 Nf6 4.Be2 Nbd7 5.d3 c4 6.O-O cxd3 7.Bxd3 e6 8.Qe2 
Be7 9.c4 O-O 10.Nc3 a6 11.b3 Qc7 12.Bb2 Nc5 13.Bc2 e5 14.Nh4 Ne6 15.Nf5 g6
16.Nxe7+ Qxe7 17.Qd2 Nf4 18.g3 Nh3+ 19.Kh1 b5 20.cxb5 axb5 21.Nxb5 Rd8 22.
Nc3 Ba6 23.Bd3 Bb7 24.Qh6 Qe6 25.f3 d5 26.exd5 Nxd5 27.Be4 f6 28.Nxd5 Bxd5
29.Qe3 Ng5 30.Bxd5 Rxd5 31.Rf2 Rad8 32.Raf1 h5 33.Qc1 Kh7 34.h4 Nf7 35.Kh2
Rd3 36.Qe1 Nh6 37.Re2 Qd5 38.Bc1 Nf5 39.Qf2 Rc8 40.Bb2 Rd8 41.Bc1 Rd7 42.
Kg2 Kg7 43.Kh2 Rc7 44.Rd2 e4 45.fxe4 Qxe4 46.Rxd3 Qxd3 47.Qf4 Rc2+ 48.Kg1 
Qxg3+ 49.Qxg3 Nxg3 50.Bh6+ Kxh6 0-1

[Event "POL-ChT2"]
[Site "Opole POL"]
[Date "2006.09.10"]
[Round "9"]
[White "Wieclaw, Michal"]
[Black "Skalski, Michal"]
[Result "1/2-1/2"]
[WhiteElo "2229"]
[BlackElo "2343"]
[EventDate "2006.09.02"]
[PlyCount "76"]

1.e4 c5 2.Nf3 Nc6 3.d4 cxd4 4.Nxd4 g6 5.Nc3 Bg7 6.Be3 Nf6 7.Bc4 O-O 8.Bb3 
d6 9.f3 Bd7 10.Qd2 Nxd4 11.Bxd4 b5 12.Nd5 Nxd5 13.Bxg7 Kxg7 14.Bxd5 Rc8 
15.h4 h6 16.O-O-O Qb6 17.g4 b4 18.Kb1 Qc5 19.Rh2 a5 20.b3 Qc3 21.Qd3 Rc5 
22.Bc4 Qe5 23.Rf2 Qf4 24.Qd2 Qxd2 25.Rfxd2 Be6 26.Bd3 Ra8 27.Rg1 g5 28.
hxg5 hxg5 29.Rh2 Rh8 30.Rxh8 Kxh8 31.Kc1 Kg7 32.Kd2 Kf6 33.a3 bxa3 34.Ra1 
Ke5 35.Ke3 d5 36.exd5 Bxd5 37.Rxa3 e6 38.Ra4 f6 1/2-1/2

[Event "POL-ChT2"]
[Site "Opole POL"]
[Date "2006.09.10"]
[Round "9"]
[White "Kuzmicz, Krystian"]
[Black "Kaszowski, Dariusz"]
[Result "1/2-1/2"]
[WhiteElo "2375"]
[BlackElo "2299"]
[EventDate "2006.09.02"]
[PlyCount "74"]

1.e4 c5 2.Ne2 e6 3.g3 d5 4.Bg2 dxe4 5.Bxe4 Nf6 6.Bg2 e5 7.O-O Nc6 8.d3 Be6
9.Nbc3 Nd5 10.f4 exf4 11.Nxf4 Nxf4 12.Bxf4 Be7 13.Ne4 O-O 14.Be3 Nd4 15.
Rf2 Rc8 16.Qh5 g6 17.Qd1 f5 18.Nd2 b6 19.c3 Nc6 20.Nf3 Bf6 21.Rd2 Bd5 22.
d4 cxd4 23.Nxd4 Nxd4 24.Bxd4 Bxg2 25.Kxg2 Qd5+ 26.Qf3 Rfd8 27.Rad1 Qxf3+ 
28.Kxf3 Bxd4 29.Rxd4 Rxd4 30.Rxd4 Rc7 31.c4 Kf7 32.b3 Kf6 33.Rd5 g5 34.g4 
f4 35.h4 h6 36.Rd6+ Kg7 37.Rd5 Kf6 1/2-1/2

[Event "POL-ChT2"]
[Site "Opole POL"]
[Date "2006.09.10"]
[Round "9"]
[White "Tomczak, Rafal"]
[Black "Koziak, Vitaly"]
[Result "0-1"]
[WhiteElo "2316"]
[BlackElo "2483"]
[EventDate "2006.09.02"]
[PlyCount "84"]

1.e4 c5 2.Nf3 d6 3.d4 cxd4 4.Nxd4 Nf6 5.Nc3 e6 6.Be2 a6 7.O-O b5 8.a3 Bb7 
9.Bd3 Nbd7 10.f4 Nc5 11.Qe2 Rc8 12.Kh1 Be7 13.Bd2 Qb6 14.Nf3 d5 15.e5 Nfe4
16.Be3 Nxc3 17.bxc3 Qc7 18.Bd4 g6 19.Ng5 Qc6 20.Qg4 h5 21.Qh3 Ne4 22.Qe3 
Nxc3 23.Nxe6 fxe6 24.Bxg6+ Kd7 25.f5 Na4 26.Bf7 Nc5 27.a4 b4 28.Qh3 Kc7 
29.f6 Bf8 30.Rab1 Ne4 31.Qd3 Kb8 32.a5 h4 33.Bg6 Qxc2 34.Qh3 Rc4 35.Bb6 
Nf2+ 36.Bxf2 Qxg6 37.Qxe6 h3 38.Bg3 hxg2+ 39.Kxg2 Qe4+ 40.Rf3 Rc2+ 41.Bf2 
Rxf2+ 42.Kxf2 Bc5+ 0-1

[Event "POL-ChT2"]
[Site "Opole POL"]
[Date "2006.09.10"]
[Round "9"]
[White "Jadanowska, Beata"]
[Black "Szczepkowska-Horowska, Karina"]
[Result "0-1"]
[WhiteElo "1873"]
[BlackElo "2331"]
[EventDate "2006.09.02"]
[PlyCount "52"]

1.d4 d6 2.c4 e5 3.dxe5 dxe5 4.Qxd8+ Kxd8 5.Nc3 c6 6.Bg5+ f6 7.O-O-O+ Kc7 
8.Bh4 Be6 9.e3 Nh6 10.Bd3 Nd7 11.f3 Nc5 12.Be2 g5 13.Bf2 Nf7 14.Kc2 Be7 
15.Nh3 Bf5+ 16.e4 Be6 17.f4 Bxh3 18.gxh3 exf4 19.Rhg1 Rhg8 20.Bg4 Ne5 21.
Bxc5 Bxc5 22.Be6 Bxg1 23.Bxg8 Rxg8 24.Rxg1 Nxc4 25.Ne2 f3 26.Nd4 f2 0-1

[Event "POL-ChT2"]
[Site "Opole POL"]
[Date "2006.09.10"]
[Round "9"]
[White "Samborski, Henryk"]
[Black "Jozwik, Rafal"]
[Result "0-1"]
[WhiteElo "2188"]
[BlackElo "2168"]
[EventDate "2006.09.02"]
[PlyCount "100"]

1.e4 e6 2.d3 c5 3.Nf3 Nc6 4.c3 d5 5.Qc2 Nf6 6.Bg5 Be7 7.Be2 O-O 8.O-O b5 
9.Nbd2 Bb7 10.a4 a6 11.axb5 axb5 12.e5 Nd7 13.Bxe7 Qxe7 14.d4 b4 15.Bb5 c4
16.b3 cxb3 17.Qxb3 bxc3 18.Qxc3 Rfc8 19.Rxa8 Rxa8 20.Bxc6 Rc8 21.Qb2 Bxc6 
22.Ra1 Qd8 23.h4 h6 24.Qb4 Rb8 25.Qd6 Rb6 26.Ra7 Bb7 27.Qa3 Qf8 28.Qe3 Rb2
29.Kh2 Qb4 30.g4 Nb8 31.Ra1 Nc6 32.g5 hxg5 33.hxg5 Nxd4 34.g6 fxg6 35.Rg1 
Rxd2 36.Nxd2 Qxd2 37.Qxd2 Nf3+ 38.Kh3 Nxd2 39.Rxg6 Kf7 40.Rg4 Nc4 41.f4 
Ne3 42.Rg1 d4 43.Kg3 Kg6 44.Kf2+ Bg2 45.Ke2 Kf5 46.Kd3 Kxf4 47.Kxd4 g5 48.
Kd3 g4 49.Re1 Bf1+ 50.Kd2 g3 0-1

[Event "POL-ChT2"]
[Site "Opole POL"]
[Date "2006.09.10"]
[Round "9"]
[White "Jadanowski, Lukasz"]
[Black "Matras, Agnieszka"]
[Result "0-1"]
[WhiteElo "2072"]
[BlackElo "2212"]
[EventDate "2006.09.02"]
[PlyCount "122"]

1.e4 c6 2.d4 d5 3.Nd2 dxe4 4.Nxe4 Nf6 5.Nxf6+ exf6 6.Nf3 Bd6 7.Be2 O-O 8.
O-O Bf5 9.c4 Re8 10.h3 Nd7 11.Bd2 c5 12.Bc3 Qc7 13.Bd3 Bxd3 14.Qxd3 cxd4 
15.Bxd4 Ne5 16.Nxe5 fxe5 17.Be3 e4 18.Qc3 f5 19.Bd4 f4 20.c5 Be5 21.Rad1 
e3 22.fxe3 fxe3 23.Bxe5 Rxe5 24.Rde1 Rae8 25.b4 h6 26.Qc4+ Kh8 27.Rf7 Qc6 
28.b5 Qg6 29.Rxb7 e2 30.Qf7 Qg3 31.Qf2 Qd3 32.Rf7 Qxb5 33.Rf8+ Rxf8 34.
Qxf8+ Kh7 35.Qf2 Qc4 36.c6 Qxa2 37.c7 Qc4 38.Qxa7 Rf5 39.Qa1 Qc5+ 40.Kh1 
Rf2 41.Qb1+ g6 42.Qd3 Qc6 43.Qg3 Rf1+ 44.Kh2 Qc5 45.h4 Rxe1 46.Qxe1 Qxc7+ 
47.g3 Qe5 48.Kg2 Qe3 49.h5 gxh5 50.Qb1+ Kg7 51.Qb7+ Kf6 52.Qc6+ Ke5 53.
Qc7+ Kd4 54.Qb6+ Kd3 55.Qb3+ Kd2 56.Qb2+ Kd1 57.Qb1+ Qc1 58.Qd3+ Ke1 59.
Kh2 h4 60.Qd6 Qe3 61.Qb4+ Kf1 0-1